MDQL
is popping MORE tags! Check the
thread
!
Quizzes
Events
Quiz Creation
Community
Videos
Private Events
Remove Ads
Sign In
Join for FREE
Feedback
Dark Mode
Quiz Categories
Sports
Geography
Music
Movies
Television
Just For Fun
Miscellaneous
History
Literature
Language
Science
Gaming
Entertainment
Religion
Holiday
For Kids
Quiz Lab
Recent
Popular Today
Quiz Kudos Today
Editor Picks
Curator Picks
Quizzes by...
Day
Popularity
Type
Ratings
Length
Year
Community
Subscriptions
Recent Discussions
Orange Saloon
Badges
Playlists
Quests
Create
Leaderboards
Showdown
Live 5
Trivia Bingo
Activity
Puzzle Library
Sporcle Events
Private Events
Virtual Trivia
Globe League
Become a Host
Pub Owners
SporcleCon
Opinionation
Our Games
Videos
Blog
Mobile Apps
Partnerships
Remove Ads and Go Orange
Feedback
Sports
Athletes
MLB
NBA
NHL
NFL
Soccer
Sports Teams
WWE
NCAA
Football
Premier League
Basketball
Baseball
Hockey
Golf
Tennis
Cricket
Rugby
Auto Racing
Olympics
World Cup
Sports
Athletes
MLB
NBA
NHL
NFL
Soccer
Sports Teams
WWE
NCAA
Football
Premier League
Basketball
Baseball
Hockey
Golf
Tennis
Cricket
Rugby
Auto Racing
Olympics
World Cup
Random Quiz
Search Sporcle
×
Quiz Lab
Quiz Lab
Sports
Football
Type in answers that appear in a list
Type in answers that appear in a list
Classic
Best Score? Go Orange.
College Football Teams Stats
Can you name the College Football Teams?
By
rockulikeacane
15m
124 Questions
454 Plays
454 Plays
454 Plays
Comments
Comments
Give Quiz Kudos
Give Quiz Kudos
-
- Ratings
hide this ad
Forced Order
Answers have to be entered in order
Answers have to be entered in order
Replay
Link that replays current quiz
Next Quiz
Link to next quiz in quiz playlist
You Got
0%
They Got
Avg Score
72%
Avg Friend Score
Upgrade to see
Score Distribution
Jump to the score distribution portion of the page
Score
0/124
Timer
15:00
0
Plays Today
School
Team Name
% Correct
Baylor
Bears
94.3%
Florida
Gators
94.3%
Texas
Longhorns
94%
Alabama
Crimson Tide
93.6%
Nebraska
Cornhuskers
93.4%
Georgia
Bulldogs
93.4%
Oklahoma
Sooners
92.9%
Auburn
Tigers
92.9%
Kansas
Jayhawks
91.8%
Clemson
Tigers
91.8%
Arkansas
Razorbacks
91.4%
Ohio State
Buckeyes
91.2%
Texas A&M
Aggies
90.9%
Duke
Blue Devils
90.9%
Miami
Hurricanes
90.9%
South Carolina
Gamecocks
90.7%
Oregon
Ducks
90.7%
USC
Trojans
90.5%
Tennessee
Volunteers
90.3%
Michigan
Wolverines
90.3%
Michigan State
Spartans
90.3%
Missouri
Tigers
89.6%
North Carolina
Tar Heels
89.4%
Florida State
Seminoles
89.2%
Iowa
Hawkeyes
89%
Oklahoma State
Cowboys
88.7%
Penn State
Nittany Lions
88.5%
Wisconsin
Badgers
88.5%
Boston College
Eagles
88.3%
Purdue
Boilermakers
88.1%
Arizona State
Sun Devils
88.1%
UCLA
Bruins
88.1%
Texas Tech
Red Raiders
87%
Georgia Tech
Yellow Jackets
87%
Oregon State
Beavers
86.5%
Syracuse
Orange
86.5%
Kansas State
Wildcats
86.3%
Iowa State
Cyclones
85.7%
Arizona
Wildcats
85.4%
Stanford
Cardinal
85.4%
Washington
Huskies
85.4%
Maryland
Terrapin
85.2%
School
Team Name
% Correct
Indiana
Hoosiers
85.2%
Louisville
Cardinals
85.2%
Virginia Tech
Hokies
85%
Illinois
Fighting Illini
85%
California
Golden Bears
85%
Minnesota
Golden Gophers
84.8%
Colorado
Buffaloes
84.1%
University of Connecticut
Huskies
84.1%
Notre Dame
Fighting Irish
83.7%
Northwestern
Wildcats
83.2%
Pittsburgh
Panthers
82.6%
North Carolina State
Wolfpack
82.3%
Cincinatti
Bearcats
82.3%
West Virginia
Mountaineers
82.1%
Virginia
Cavaliers
81.5%
Wake Forest
Demon Deacons
81%
Memphis
Tigers
80.1%
Texas Christian University
Horned Frogs
78.4%
Rutgers
Scarlet Knights
77.9%
USF
Bulls
77.7%
East Carolina
Pirates
77%
Louisiana State University
Tigers
76.6%
Kentucky
Wildcats
76.6%
Utahs
Utes
76.2%
Rice
Owls
75.5%
Navy
Midshipmen
75.1%
Boise State
Broncos
74.6%
Vanderbilt
Commodores
74.4%
Washington State
Cougars
74.2%
Tulane
Green Wave
73.3%
Georgetown
Hoyas
72.6%
BYU
Cougars
72.2%
Marshall
Thundering Herd
71.3%
Fresno State
Bulldogs
71.3%
Wyoming
Cowboys
71.1%
Houston
Cougars
70.6%
Colorado State
Rams
70.2%
Hawaii
Warriors
68.9%
Villanova
Wildcats
68.7%
Temple
Owls
67.8%
Akron
Zips
67.1%
San DIego State
Aztecs
66.7%
School
Team Name
% Correct
Air Force
Falcons
64%
New Mexico
Lobos
64%
Southern Methodist University
Mustangs
63.8%
Nevada
Wolfpack
63.8%
Army
Black Knights
62%
University of Nevada Las Vegas
Rebels
59.4%
University of Texas at El Paso
Miners
59.2%
Ball State
Cardinals
57.2%
Ohio
Bobcats
56.5%
Troy
Trojans
56.3%
Seton Hall
Pirates
55.6%
Idaho
Vandals
55.4%
Southern Miss
Golden Eagles
55%
Toledo
Rockets
54.7%
New Mexico State
Aggies
54.1%
Marquette
Golden Eagles
53.4%
Providence
Friars
53.2%
Buffalo
Bulls
52.3%
Miami
Red Hawks
52.3%
Tulsa
Golden Hurricane
50.3%
Utah State
Aggies
49.2%
University of Alabama at Birmingham
Blazers
49%
Central Michigan
Chippewas
49%
University of Central Florida
Golden Knights
48.1%
St. Johns
Red Storm
47.9%
Western Michigan
Broncos
46.8%
San Jose State
Spartans
45.9%
Bowling Green
Falcons
45.9%
North Illinois
Huskies
44.4%
DePaul
Blue Demons
42.6%
Florida Atlantic
Owls
42.6%
North Texas
Mean Green
42.2%
Eastern Michigan
Eagles
40.8%
Kent State
Golden Flashes
38.6%
University of Louisiana at Lafayette
Ragin Cajuns
38.4%
Louisiana Tech
Bulldogs
35.5%
Middle Tennessee State
Blue Raiders
30%
Florida International
Golden Panthers
21.6%
Arkansas State
Indians
16.1%
University of Louisiana at Monroe
Indians
9.9%
Quiz Playlist
Details
Report
Send in Message
Add To Playlist
Classic:
Type in answers that appear in a list
Forced Order:
Answers have to be entered in order
Quiz Source
Last Updated: Feb 16, 2017
Quiz Scoreboard
CHALLENGE
Sign Up to Join the Scoreboard
Show All
Scores
Hide
Comments
May contain spoilers
Recently Published
1-10 Letter E Words III
by El_Dandy
Language
2m
Street Fighter Characters
by Artimus82
Gaming
60s
College Basketball Coaching Resumes
by pancakes188
Sports
9m
More to Explore
Quiz From the Vault
Featured Blog Post
Where Did the Easter Bunny Come From?
hide this ad
You Might Also Like...
Tags
College Quiz
Football Quiz
Conference
NCAA Football
school
team
Today's Top Quizzes in Sports
Browse Sports
hide this ad
Today's Top Quizzes in Football
Browse Football
Top Contributed Quizzes in Sports
1
2022 World Cup Stars
2
Les meilleurs buteurs des matchs entre le PSG et l’OM
3
FIFA Club World Cup Champions
4
Les entraîneurs de l'OM et du PSG au 21e siècle
5
Criteria MLB: Left Handed Sluggers
6
2023 MLB Unique Player Accomplishments
7
AFC Teams Reveal (Wrong Answers Minefield)
8
Players with Multiple 50 Home Run Seasons
9
5-to-1: FBS Animal Nicknames
10
5-to-1: UK Sports Teams
Explore More
Trending Topics
Marvel
Anime
Crossword
Harry Potter
Disney
NBA
Kpop
NFL
The Office
WWE
Country
Puzzle
Soccer
Song
Pokémon
hide this ad
More By:
rockulikeacane
Quiz
Plays
Rating
Category
Featured
Created
Friends Who Wants to be a Millionaire
16,084
3.50
Television
Apr 29, 2010
Friends, Scrubs, & Cougar Town Trivia
15,442
2.36
Television
Apr 13, 2012
Full House Trivia
12,714
3.82
Television
Dec 16, 2009
Full House Quotes
7,126
4.80
Television
Jan 20, 2011
F.R.I.E.N.D.S Chandler
5,295
3.04
Television
Dec 16, 2009
Go to Creator's Profile
Score Distribution
Quiz Creator Spotlight
rockulikeacane
Follow
Send a Message
Quizzes Created
-
Created Quiz Play Count
-
More By This Creator
Popular Quizzes Today
1
Find the US States - No Outlines Minefield
2
Find the Countries of Europe - No Outlines Minefield
3
The Countries of the World
4
Find the US States
5
Risky Map Clicking: Biggest States A-Z
6
US States
7
Popular People in 1961
8
Movies - When Are They Set?
More Sports Quizzes
NCAA Teams by Primary Color
Published
Trending Quizzes
Risky Map Clicking: Least Populous States A-Z
Billboard Blitz: Aretha Franklin
Famous Russians: Author or Composer?
1-10 Letter G Words
Countries of the World: 200 Million BC
Recently Updated
Leaping Animals
pecheneg
Reality TV Shows (A-Z)
bhenderson79
Rickey Henderson's Hall of Fame Teammates
pecheneg
Champions League XIs: Arsenal
pecheneg
Quick Pick: Celebrities in WWE's Hall of Fame
aduchscher
A-Z Keypad Blitz II
pecheneg
Multiple Oscar Actors
pecheneg
Mystery Phrase Blitz: Oscar 'Best Actors'
pecheneg
F. Scott Fitzgerald Novels
LTH
Pick 3 Villains
ddd62291
Trending Topics
Anime
Crossword
Kpop
Marvel
Harry Potter
NBA
Disney
Soccer
Puzzle
The Office
Country
Song
WWE
Pokémon
NFL
Your Account Isn't Verified!
In order to create a playlist on Sporcle, you need to verify the email address you used during registration. Go to your
Sporcle Settings
to finish the process.
Report this User
Report this user for behavior that violates our
Community Guidelines
.
Details:
Send Report
Go to the Sporcle.com Mobile Site →
Comments